Online
Catalog

Evolución de la narrativa norteamericana : (Record no. 2402)

MARC details
000 -CABECERA
campo de control de longitud fija 01152cam a2200241 a 4500
001 - NÚMERO DE CONTROL
campo de control 000002566
005 - FECHA Y HORA DE LA ÚLTIMA TRANSACCIÓN
campo de control 20200929150220.0
008 - DATOS DE LONGITUD FIJA--INFORMACIÓN GENERAL
campo de control de longitud fija 800327s1983 ag b 001 f spa
020 ## - NÚMERO INTERNACIONAL ESTÁNDAR DEL LIBRO
Número Internacional Estándar del Libro 9500030640
040 ## - FUENTE DE LA CATALOGACIÓN
Centro catalogador/agencia de origen DO-SdBNP
Lengua de catalogación spa
Centro/agencia transcriptor BNPHU
082 ## - NÚMERO DE LA CLASIFICACIÓN DECIMAL DEWEY
Número de clasificación 813.009
Número de documento/Ítem K65e
100 1# - ENTRADA PRINCIPAL--NOMBRE DE PERSONA
Nombre de persona Klinkowitz, Jerome.
9 (RLIN) 8078
240 00 - TÍTULO UNIFORME
Título uniforme The practice of fiction in America :witers from hawthome to the present
245 10 - MENCIÓN DE TÍTULO
Título Evolución de la narrativa norteamericana :
Resto del título desde Hawthorne hasta el presente /
Mención de responsabilidad, etc. Jerome Klinkowitz ; traducción de Carlos Raúl Yujnovsky.
260 ## - PUBLICACIÓN, DISTRIBUCIÓN, ETC.
Lugar de publicación, distribución, etc. Buenos Aires :
Nombre del editor, distribuidor, etc. Ediciones Marymar,
Fecha de publicación, distribución, etc. 1983.
300 ## - DESCRIPCIÓN FÍSICA
Extensión 148 p. ;
Dimensiones 23 cm.
490 1# - MENCIÓN DE SERIE
Mención de serie Filosofía y Crítica
534 ## - NOTA SOBRE LA VERSIÓN ORIGINAL
Encabezamiento principal del original Título original: The practice of fiction in America: the practique of fiction in America: writers from Hawthorne to the present
Mención de título del original The practice of fiction in America: the practique of fiction in America: writers from Hawthorne to the present
650 #4 - PUNTO DE ACCESO ADICIONAL DE MATERIA--TÉRMINO DE MATERIA
Término de materia o nombre geográfico como elemento de entrada Ficción de américa
Subdivisión general Historia y crítica
9 (RLIN) 8079
650 #4 - PUNTO DE ACCESO ADICIONAL DE MATERIA--TÉRMINO DE MATERIA
Término de materia o nombre geográfico como elemento de entrada Literatura norteamericana
Subdivisión general Historia y crítica
9 (RLIN) 8080
700 1# - PUNTO DE ACCESO ADICIONAL--NOMBRE DE PERSONA
Nombre de persona Yujnovsky, Carlos Raúl
Término indicativo de función/relación tr.
9 (RLIN) 8081
830 #0 - PUNTO DE ACCESO ADICIONAL DE SERIE-TÍTULO UNIFORME
Título uniforme Filosofía y Crítica
9 (RLIN) 8082
Holdings
Estado de retiro Estado de pérdida Restricciones de uso No para préstamo Código de colección Localización permanente Ubicación/localización actual Ubicación en estantería Fecha de adquisición Número de inventario Total de préstamos Signatura topográfica completa Código de barras Fecha visto por última vez Precio válido a partir de Tipo de ítem Koha
    Préstamo interno   Monografías: Libros y Folletos General General En catalogación 14.07.2009 LF1   813.009 K65e 2566-10 25.06.2020 25.06.2020 Préstamo interno
        Monografías: Libros y Folletos Patrimonio Dominicano Patrimonio Dominicano Orden iniciada 30.03.2017 LF1   813.009 K65e 2566-20 25.06.2020 25.06.2020 No se presta

Powered by Koha